LDR 00610naa#a2200169#i#450# 001 EN\\bibl\122900 005 20260513025036.3 011 ## _a3034-4689 100 ## _a20260508b2026####ek#y0engy0150####ca 102 ## _aRU 200 1# _aISOMERIC PERFLUOROCORROLES AS PEERSPECTIVE MACROCYCLIC LIGANDS: GEOMETRIC, ELECTRONIC AND THERMODYNAMICAL CHARACTERISTICS OF MOLECULAR STRUCTURES IN THE FRAMEWORK OF DENSITY FUNCTIONAL THEORY _eJournal article 210 1# _aKazan _cKazan National Research Technological University _d2026 215 ## _a9 с. 608 ## _aJournal article _2local 700 #1 _a _g 700 #1 _a _g 856 4# _avestniktu.ru _u